00870nam a22002417a 4500003001100000008004100011020001500052040003900067041000800106082001800114111008600132245005400218260003200272300002000304650003600324650003900360650004000399700002500439710004900464942000700513952009300520999001500613LK-CoMWRAF231024b1998 |||||||| |||| 00| 0 eng d a8173042071 aLK-CoMWRAFdLK-CoMWRAFeLK-CoMWRAF aeng a323.1548bETH aINTERNATIONAL SEMINAR ON ETHNICITY IN SOUTH ASIA c(Colombod19-20 February 1995) aEthnicity and constitutional reform in South Asia aNew Delhi:bManohar, c1998 a190 p. ; 23 cm. aETHNICITY-South Asia-Congresses aConstitutional history--South Asia aSouth Asia--Politics and government aIftekharuzzamaneed. aRegional Centre for Strategic Studies (RCSS) cCP 00104070aMAINbMAINd2023-10-24l0o323.1548 ETHpRAF1834r2023-10-24w2023-10-24yCP c3988d3988